[Event "Hoogeveen Open"]
[Site "Hoogeveen, Netherlands"]
[Date "2018.10.21"]
[Round "2.5"]
[White "Van Den Doel, Erik"]
[Black "Bluhm, Sonja Maria"]
[Result "1-0"]
[WhiteElo "2607"]
[BlackElo "2281"]

1. e4 {[%clk 01:30:56]} {[%emt 00:00:03]} c5 {[%clk 01:30:40]} {[%emt
00:00:21]} 2. Nf3 {[%clk 01:31:20]} {[%emt 00:00:06]} Nc6 {[%clk 01:31:05]}
{[%emt 00:00:06]} 3. d4 {[%clk 01:31:44]} {[%emt 00:00:06]} cxd4 {[%clk
01:31:30]} {[%emt 00:00:05]} 4. Nxd4 {[%clk 01:32:10]} {[%emt 00:00:04]} Nf6
{[%clk 01:31:33]} {[%emt 00:00:26]} 5. Nc3 {[%clk 01:32:30]} {[%emt 00:00:08]}
d6 {[%clk 01:31:48]} {[%emt 00:00:17]} 6. Bg5 {[%clk 01:32:55]} {[%emt
00:00:05]} e6 {[%clk 01:31:27]} {[%emt 00:00:51]} 7. Qd2 {[%clk 01:33:19]}
{[%emt 00:00:05]} Qb6 {[%clk 01:28:48]} {[%emt 00:03:09]} 8. O-O-O {[%clk
01:29:32]} {[%emt 00:04:18]} Nxd4 {[%clk 01:23:27]} {[%emt 00:05:51]} 9. Qxd4
{[%clk 01:29:29]} {[%emt 00:00:33]} Qxd4 {[%clk 01:23:51]} {[%emt 00:00:06]} 10.
Rxd4 {[%clk 01:29:56]} {[%emt 00:00:03]} a6 {[%clk 01:23:19]} {[%emt 00:01:02]}
11. Bxf6 {[%clk 01:22:32]} {[%emt 00:07:53]} gxf6 {[%clk 01:23:40]} {[%emt
00:00:08]} 12. Na4 {[%clk 01:23:00]} {[%emt 00:00:03]} Bd7 {[%clk 01:17:26]}
{[%emt 00:06:44]} 13. Nb6 {[%clk 01:23:14]} {[%emt 00:00:15]} Rd8 {[%clk
01:17:49]} {[%emt 00:00:07]} 14. Nxd7 {[%clk 01:20:05]} {[%emt 00:03:39]} Rxd7
{[%clk 01:17:27]} {[%emt 00:00:53]} 15. Be2 {[%clk 01:19:39]} {[%emt 00:00:56]}
Rg8 {[%clk 01:15:12]} {[%emt 00:02:45]} 16. g3 {[%clk 01:19:51]} {[%emt
00:00:18]} Rg5 {[%clk 01:12:17]} {[%emt 00:03:25]} 17. b4 {[%clk 01:14:21]}
{[%emt 00:06:00]} Rc7 {[%clk 01:08:45]} {[%emt 00:04:02]} 18. Rhd1 {[%clk
01:12:57]} {[%emt 00:01:54]} Be7 {[%clk 01:08:32]} {[%emt 00:00:43]} 19. R1d3
{[%clk 00:48:34]} {[%emt 00:24:52]} Kf8 {[%clk 01:02:17]} {[%emt 00:06:45]} 20.
Ra3 {[%clk 00:47:49]} {[%emt 00:01:15]} Rg8 {[%clk 01:00:48]} {[%emt 00:01:59]}
21. Bd3 {[%clk 00:40:19]} {[%emt 00:08:00]} Kg7 {[%clk 00:58:03]} {[%emt
00:03:15]} 22. Ra5 {[%clk 00:40:25]} {[%emt 00:00:24]} Rgc8 {[%clk 00:51:32]}
{[%emt 00:07:01]} 23. Rh5 {[%clk 00:36:15]} {[%emt 00:04:41]} Rc6 {[%clk
00:48:56]} {[%emt 00:03:06]} 24. Kd2 {[%clk 00:31:45]} {[%emt 00:05:00]} Bd8
{[%clk 00:36:31]} {[%emt 00:12:54]} 25. b5 {[%clk 00:28:50]} {[%emt 00:03:25]}
axb5 {[%clk 00:36:13]} {[%emt 00:00:49]} 26. Rxb5 {[%clk 00:29:13]} {[%emt
00:00:06]} Bb6 {[%clk 00:34:33]} {[%emt 00:02:10]} 27. Ra4 {[%clk 00:28:56]}
{[%emt 00:00:48]} R8c7 {[%clk 00:31:53]} {[%emt 00:03:10]} 28. f4 {[%clk
00:23:53]} {[%emt 00:05:33]} Bg1 {[%clk 00:30:18]} {[%emt 00:02:05]} 29. Rb1
{[%clk 00:22:50]} {[%emt 00:01:32]} Bc5 {[%clk 00:29:36]} {[%emt 00:01:13]} 30.
Bb5 {[%clk 00:15:52]} {[%emt 00:07:28]} Rb6 {[%clk 00:29:34]} {[%emt 00:00:32]}
31. c4 {[%clk 00:15:55]} {[%emt 00:00:27]} Rc8 {[%clk 00:25:46]} {[%emt
00:04:18]} 32. Ke2 {[%clk 00:13:10]} {[%emt 00:03:16]} d5 {[%clk 00:24:01]}
{[%emt 00:02:15]} 33. cxd5 {[%clk 00:12:43]} {[%emt 00:00:57]} exd5 {[%clk
00:24:20]} {[%emt 00:00:11]} 34. exd5 {[%clk 00:07:02]} {[%emt 00:06:11]} Rd8
{[%clk 00:24:31]} {[%emt 00:00:18]} 35. Bd3 {[%clk 00:07:01]} {[%emt 00:00:31]}
Rxb1 {[%clk 00:24:30]} {[%emt 00:00:31]} 36. Bxb1 {[%clk 00:07:27]} {[%emt
00:00:04]} Rxd5 {[%clk 00:24:50]} {[%emt 00:00:10]} 37. Be4 {[%clk 00:04:47]}
{[%emt 00:03:10]} Rd7 {[%clk 00:23:35]} {[%emt 00:01:45]} 38. Rc4 {[%clk
00:04:59]} {[%emt 00:00:18]} b6 {[%clk 00:23:32]} {[%emt 00:00:34]} 39. Rc2
{[%clk 00:05:13]} {[%emt 00:00:16]} Rd4 {[%clk 00:22:34]} {[%emt 00:01:28]} 40.
Kf3 {[%clk 00:04:50]} {[%emt 00:00:52]} Rd1 {[%clk 00:21:43]} {[%emt 00:01:21]}
41. a4 {[%clk 00:27:26]} {[%emt 00:07:54]} Rf1+ {[%clk 00:49:28]} {[%emt
00:02:44]} 42. Kg2 {[%clk 00:27:00]} {[%emt 00:00:56]} Rg1+ {[%clk 00:49:22]}
{[%emt 00:00:37]} 43. Kh3 {[%clk 00:27:03]} {[%emt 00:00:27]} Ra1 {[%clk
00:48:48]} {[%emt 00:01:04]} 44. Bc6 {[%clk 00:27:20]} {[%emt 00:00:12]} Ra3
{[%clk 00:47:03]} {[%emt 00:02:16]} 45. Bb5 {[%clk 00:26:22]} {[%emt 00:01:28]}
h6 {[%clk 00:45:22]} {[%emt 00:02:11]} 46. Kg2 {[%clk 00:25:28]} {[%emt
00:01:24]} Ra1 {[%clk 00:43:36]} {[%emt 00:02:17]} 47. Rd2 {[%clk 00:25:40]}
{[%emt 00:00:17]} Rg1+ {[%clk 00:43:23]} {[%emt 00:00:43]} 48. Kh3 {[%clk
00:25:15]} {[%emt 00:00:55]} Rc1 {[%clk 00:42:05]} {[%emt 00:01:49]} 49. Rd7
{[%clk 00:18:19]} {[%emt 00:07:26]} Re1 {[%clk 00:38:22]} {[%emt 00:04:13]} 50.
Rc7 {[%clk 00:18:01]} {[%emt 00:00:47]} Re7 {[%clk 00:38:22]} {[%emt 00:00:30]}
51. Rc8 {[%clk 00:17:14]} {[%emt 00:01:17]} Bd4 {[%clk 00:38:06]} {[%emt
00:00:47]} 52. Kg4 {[%clk 00:16:58]} {[%emt 00:00:46]} Bg1 {[%clk 00:38:13]}
{[%emt 00:00:23]} 53. Kh3 {[%clk 00:16:11]} {[%emt 00:01:17]} Bd4 {[%clk
00:38:26]} {[%emt 00:00:17]} 54. Kg4 {[%clk 00:13:12]} {[%emt 00:03:29]} Bg1
{[%clk 00:37:29]} {[%emt 00:01:27]} 55. Rc2 {[%clk 00:13:40]} {[%emt 00:00:03]}
Bd4 {[%clk 00:37:14]} {[%emt 00:00:45]} 56. Kf5 {[%clk 00:12:49]} {[%emt
00:01:22]} Bg1 {[%clk 00:34:35]} {[%emt 00:03:09]} 57. h3 {[%clk 00:12:50]}
{[%emt 00:00:29]} Re3 {[%clk 00:33:31]} {[%emt 00:01:34]} 58. Rc7 {[%clk
00:11:11]} {[%emt 00:02:09]} Rxg3 {[%clk 00:32:34]} {[%emt 00:01:27]} 59. Bc4
{[%clk 00:10:33]} {[%emt 00:01:08]} Bd4 {[%clk 00:31:43]} {[%emt 00:01:21]} 60.
Rxf7+ {[%clk 00:10:22]} {[%emt 00:00:41]} Kh8 {[%clk 00:32:04]} {[%emt
00:00:09]} 61. Rd7 {[%clk 00:09:45]} {[%emt 00:01:07]} Ba1 {[%clk 00:31:32]}
{[%emt 00:01:01]} 62. h4 {[%clk 00:09:14]} {[%emt 00:01:01]} h5 {[%clk
00:29:59]} {[%emt 00:02:03]} 63. Be2 {[%clk 00:07:40]} {[%emt 00:02:03]} Rg7
{[%clk 00:29:25]} {[%emt 00:01:04]} 64. Rd6 {[%clk 00:06:32]} {[%emt 00:01:39]}
Ra7 {[%clk 00:26:41]} {[%emt 00:03:14]} 65. Kg6 {[%clk 00:06:51]} {[%emt
00:00:11]} Rg7+ {[%clk 00:25:54]} {[%emt 00:01:16]} 66. Kxh5 {[%clk 00:07:16]}
{[%emt 00:00:05]} Bc3 {[%clk 00:25:44]} {[%emt 00:00:40]} 67. Rxb6 {[%clk
00:06:53]} {[%emt 00:00:53]} Ra7 {[%clk 00:23:43]} {[%emt 00:02:31]} 68. Kg6
{[%clk 00:06:39]} {[%emt 00:00:44]} Rg7+ {[%clk 00:24:02]} {[%emt 00:00:11]} 69.
Kf5 {[%clk 00:07:06]} {[%emt 00:00:04]} Ra7 {[%clk 00:24:28]} {[%emt 00:00:05]}
70. Bb5 {[%clk 00:06:36]} {[%emt 00:00:59]} Kg7 {[%clk 00:24:33]} {[%emt
00:00:25]} 71. Rc6 {[%clk 00:06:52]} {[%emt 00:00:15]} Bb2 {[%clk 00:24:08]}
{[%emt 00:00:55]} 72. Rc2 {[%clk 00:07:18]} {[%emt 00:00:04]} Bd4 {[%clk
00:23:21]} {[%emt 00:01:17]} 73. Rd2 {[%clk 00:07:44]} {[%emt 00:00:04]} Bc3
{[%clk 00:23:26]} {[%emt 00:00:24]} 74. Rd3 {[%clk 00:08:05]} {[%emt 00:00:09]}
Be1 {[%clk 00:23:21]} {[%emt 00:00:36]} 75. h5 {[%clk 00:08:14]} {[%emt
00:00:21]} Rc7 {[%clk 00:23:17]} {[%emt 00:00:34]} 76. Rd7+ {[%clk 00:07:53]}
{[%emt 00:00:51]} Rxd7 {[%clk 00:23:26]} {[%emt 00:00:21]} 77. Bxd7 {[%clk
00:08:20]} {[%emt 00:00:04]} Bd2 {[%clk 00:23:26]} {[%emt 00:00:30]} 78. Ke4
{[%clk 00:08:12]} {[%emt 00:00:37]} Kh6 {[%clk 00:23:26]} {[%emt 00:00:31]} 79.
Be8 {[%clk 00:08:38]} {[%emt 00:00:04]} Bc3 {[%clk 00:23:30]} {[%emt 00:00:26]}
80. f5 {[%clk 00:06:59]} {[%emt 00:02:09]} 1-0

[Event "Hoogeveen Open"]
[Site "Hoogeveen, Netherlands"]
[Date "2018.10.21"]
[Round "2.6"]
[White "Van Kooten, Luuk"]
[Black "Kryakvin, Dmitry"]
[Result "0-1"]
[WhiteElo "2320"]
[BlackElo "2595"]

1. e4 {[%clk 01:30:48]} {[%emt 00:00:11]} c6 {[%clk 01:30:25]} {[%emt
00:00:35]} 2. d4 {[%clk 01:30:38]} {[%emt 00:00:40]} d5 {[%clk 01:30:45]}
{[%emt 00:00:09]} 3. e5 {[%clk 01:30:38]} {[%emt 00:00:30]} Bf5 {[%clk
01:31:06]} {[%emt 00:00:08]} 4. Nf3 {[%clk 01:30:23]} {[%emt 00:00:46]} e6
{[%clk 01:31:21]} {[%emt 00:00:15]} 5. Be2 {[%clk 01:29:59]} {[%emt 00:00:54]}
Ne7 {[%clk 01:31:03]} {[%emt 00:00:48]} 6. O-O {[%clk 01:29:01]} {[%emt
00:01:29]} c5 {[%clk 01:30:39]} {[%emt 00:00:54]} 7. c4 {[%clk 01:24:55]}
{[%emt 00:04:36]} Nbc6 {[%clk 01:30:32]} {[%emt 00:00:38]} 8. Nc3 {[%clk
01:19:30]} {[%emt 00:05:55]} dxc4 {[%clk 01:27:26]} {[%emt 00:03:36]} 9. dxc5
{[%clk 01:09:41]} {[%emt 00:10:19]} Nd5 {[%clk 01:23:29]} {[%emt 00:04:27]} 10.
Nb5 {[%clk 01:00:12]} {[%emt 00:09:59]} Bxc5 {[%clk 01:18:45]} {[%emt
00:05:13]} 11. Bxc4 {[%clk 01:00:10]} {[%emt 00:00:32]} O-O {[%clk 01:17:09]}
{[%emt 00:02:05]} 12. Nbd4 {[%clk 00:49:56]} {[%emt 00:10:45]} Nxd4 {[%clk
01:02:16]} {[%emt 00:15:23]} 13. Nxd4 {[%clk 00:50:15]} {[%emt 00:00:11]} Bxd4
{[%clk 00:48:13]} {[%emt 00:14:33]} 14. Qxd4 {[%clk 00:50:33]} {[%emt
00:00:12]} Nb4 {[%clk 00:48:15]} {[%emt 00:00:28]} 15. Qxd8 {[%clk 00:46:01]}
{[%emt 00:05:02]} Rfxd8 {[%clk 00:48:19]} {[%emt 00:00:26]} 16. Bg5 {[%clk
00:45:38]} {[%emt 00:00:53]} Rdc8 {[%clk 00:48:22]} {[%emt 00:00:27]} 17. b3
{[%clk 00:42:53]} {[%emt 00:03:15]} Bd3 {[%clk 00:47:24]} {[%emt 00:01:27]} 18.
Bxd3 {[%clk 00:41:14]} {[%emt 00:02:10]} Nxd3 {[%clk 00:47:39]} {[%emt
00:00:15]} 19. f4 {[%clk 00:41:31]} {[%emt 00:00:12]} Nb4 {[%clk 00:43:44]}
{[%emt 00:04:26]} 20. Rad1 {[%clk 00:35:47]} {[%emt 00:06:14]} Nd5 {[%clk
00:41:02]} {[%emt 00:03:12]} 21. Rd3 {[%clk 00:32:42]} {[%emt 00:03:35]} Rc2
{[%clk 00:37:52]} {[%emt 00:03:40]} 22. Rf2 {[%clk 00:26:32]} {[%emt 00:06:41]}
Rac8 {[%clk 00:36:05]} {[%emt 00:02:16]} 23. Rxc2 {[%clk 00:24:51]} {[%emt
00:02:12]} Rxc2 {[%clk 00:36:26]} {[%emt 00:00:08]} 24. a3 {[%clk 00:23:36]}
{[%emt 00:01:46]} h6 {[%clk 00:36:01]} {[%emt 00:00:55]} 0-1

[Event "Hoogeveen Open"]
[Site "Hoogeveen, Netherlands"]
[Date "2018.10.21"]
[Round "2.7"]
[White "Pruijssers, Roeland"]
[Black "Schippers, Maurice"]
[Result "1-0"]
[WhiteElo "2501"]
[BlackElo "2272"]

1. e4 {[%clk 01:30:56]} {[%emt 00:00:03]} c5 {[%clk 01:30:56]} {[%emt
00:00:05]} 2. Nf3 {[%clk 01:31:12]} {[%emt 00:00:13]} e6 {[%clk 01:31:11]}
{[%emt 00:00:17]} 3. d4 {[%clk 01:30:51]} {[%emt 00:00:51]} cxd4 {[%clk
01:31:36]} {[%emt 00:00:05]} 4. Nxd4 {[%clk 01:31:14]} {[%emt 00:00:07]} Nf6
{[%clk 01:31:36]} {[%emt 00:00:30]} 5. Nc3 {[%clk 01:31:01]} {[%emt 00:00:42]}
Nc6 {[%clk 01:31:40]} {[%emt 00:00:27]} 6. Ndb5 {[%clk 01:29:57]} {[%emt
00:01:34]} d6 {[%clk 01:30:56]} {[%emt 00:01:14]} 7. Bf4 {[%clk 01:30:17]}
{[%emt 00:00:08]} e5 {[%clk 01:31:07]} {[%emt 00:00:20]} 8. Bg5 {[%clk
01:30:40]} {[%emt 00:00:07]} a6 {[%clk 01:30:46]} {[%emt 00:00:51]} 9. Na3
{[%clk 01:30:55]} {[%emt 00:00:15]} b5 {[%clk 01:30:34]} {[%emt 00:00:43]} 10.
Nd5 {[%clk 01:30:13]} {[%emt 00:01:11]} Be7 {[%clk 01:26:01]} {[%emt 00:05:03]}
11. Bxf6 {[%clk 01:30:29]} {[%emt 00:00:13]} Bxf6 {[%clk 01:26:27]} {[%emt
00:00:05]} 12. c4 {[%clk 01:29:25]} {[%emt 00:01:34]} b4 {[%clk 01:25:15]}
{[%emt 00:01:41]} 13. Nc2 {[%clk 01:29:06]} {[%emt 00:00:49]} a5 {[%clk
01:25:10]} {[%emt 00:00:36]} 14. g3 {[%clk 01:29:18]} {[%emt 00:00:17]} Bg5
{[%clk 01:21:51]} {[%emt 00:03:49]} 15. Bg2 {[%clk 01:28:27]} {[%emt 00:01:21]}
O-O {[%clk 01:19:13]} {[%emt 00:03:08]} 16. O-O {[%clk 01:28:28]} {[%emt
00:00:28]} Be6 {[%clk 01:15:58]} {[%emt 00:03:46]} 17. f4 {[%clk 01:24:05]}
{[%emt 00:04:53]} Bh6 {[%clk 01:14:13]} {[%emt 00:02:16]} 18. Qd3 {[%clk
01:23:52]} {[%emt 00:00:43]} Qb8 {[%clk 01:09:35]} {[%emt 00:05:07]} 19. Kh1
{[%clk 01:16:39]} {[%emt 00:07:43]} Qa7 {[%clk 01:04:20]} {[%emt 00:05:46]} 20.
Rad1 {[%clk 01:09:07]} {[%emt 00:08:01]} Rfd8 {[%clk 00:58:15]} {[%emt
00:06:36]} 21. Nde3 {[%clk 01:02:51]} {[%emt 00:06:46]} exf4 {[%clk 00:51:55]}
{[%emt 00:06:50]} 22. gxf4 {[%clk 01:02:48]} {[%emt 00:00:33]} Qc5 {[%clk
00:40:37]} {[%emt 00:11:48]} 23. Qe2 {[%clk 00:58:29]} {[%emt 00:04:49]} f6
{[%clk 00:32:47]} {[%emt 00:08:21]} 24. b3 {[%clk 00:55:57]} {[%emt 00:03:01]}
a4 {[%clk 00:27:40]} {[%emt 00:05:37]} 25. Qf3 {[%clk 00:55:44]} {[%emt
00:00:42]} axb3 {[%clk 00:25:23]} {[%emt 00:02:48]} 26. axb3 {[%clk 00:56:06]}
{[%emt 00:00:08]} Ra6 {[%clk 00:23:32]} {[%emt 00:02:21]} 27. Bh3 {[%clk
00:51:15]} {[%emt 00:05:21]} Bf7 {[%clk 00:17:36]} {[%emt 00:06:26]} 28. Nf5
{[%clk 00:50:11]} {[%emt 00:01:33]} Kh8 {[%clk 00:17:48]} {[%emt 00:00:19]} 29.
Nce3 {[%clk 00:47:01]} {[%emt 00:03:39]} Ra3 {[%clk 00:12:51]} {[%emt
00:05:29]} 30. Nxh6 {[%clk 00:36:40]} {[%emt 00:10:50]} gxh6 {[%clk 00:13:20]}
{[%emt 00:00:01]} 31. Nf5 {[%clk 00:37:00]} {[%emt 00:00:09]} Rg8 {[%clk
00:08:04]} {[%emt 00:05:46]} 32. Rg1 {[%clk 00:28:05]} {[%emt 00:09:25]} Rg6
{[%clk 00:07:34]} {[%emt 00:01:01]} 33. Nh4 {[%clk 00:20:08]} {[%emt 00:08:27]}
Na5 {[%clk 00:04:48]} {[%emt 00:03:17]} 34. Nxg6+ {[%clk 00:18:52]} {[%emt
00:01:46]} hxg6 {[%clk 00:05:16]} {[%emt 00:00:01]} 35. Rd3 {[%clk 00:19:02]}
{[%emt 00:00:20]} Ra2 {[%clk 00:04:12]} {[%emt 00:01:36]} 36. Qd1 {[%clk
00:16:19]} {[%emt 00:03:12]} Rf2 {[%clk 00:03:38]} {[%emt 00:01:04]} 37. Rxd6
{[%clk 00:11:23]} {[%emt 00:05:26]} Rxf4 {[%clk 00:03:12]} {[%emt 00:00:56]} 38.
Rd7 {[%clk 00:11:32]} {[%emt 00:00:21]} Kg8 {[%clk 00:02:02]} {[%emt 00:01:40]}
39. Rxf7 {[%clk 00:04:03]} {[%emt 00:07:59]} Kxf7 {[%clk 00:02:18]} {[%emt
00:00:14]} 40. Qd7+ {[%clk 00:04:27]} {[%emt 00:00:06]} Kf8 {[%clk 00:00:56]}
{[%emt 00:01:52]} 41. Be6 {[%clk 00:03:18]} {[%emt 00:01:38]} Qe7 {[%clk
00:27:52]} {[%emt 00:03:35]} 42. Qc8+ {[%clk 00:33:41]} {[%emt 00:00:06]} Qe8
{[%clk 00:28:06]} {[%emt 00:00:16]} 43. Qc5+ {[%clk 00:33:55]} {[%emt
00:00:16]} Kg7 {[%clk 00:19:40]} {[%emt 00:08:57]} 44. Qxa5 {[%clk 00:31:58]}
{[%emt 00:02:26]} Rxe4 {[%clk 00:19:09]} {[%emt 00:01:01]} 45. Qc7+ {[%clk
00:31:00]} {[%emt 00:01:28]} Kh8 {[%clk 00:18:58]} {[%emt 00:00:41]} 46. Bf7
{[%clk 00:30:42]} {[%emt 00:00:48]} Qa8 {[%clk 00:18:12]} {[%emt 00:01:16]} 47.
Bd5 {[%clk 00:31:03]} {[%emt 00:00:08]} Qe8 {[%clk 00:18:39]} {[%emt 00:00:04]}
48. Qb6 {[%clk 00:29:29]} {[%emt 00:02:03]} Rf4 {[%clk 00:16:27]} {[%emt
00:02:43]} 49. Ra1 {[%clk 00:28:45]} {[%emt 00:01:13]} 1-0

[Event "Hoogeveen Open"]
[Site "Hoogeveen, Netherlands"]
[Date "2018.10.21"]
[Round "2.8"]
[White "De Boer, Eelke"]
[Black "Iniyan, P"]
[Result "1-0"]
[WhiteElo "2285"]
[BlackElo "2476"]

1. e4 {[%clk 01:30:57]} {[%emt 00:00:02]} c5 {[%clk 01:30:35]} {[%emt
00:00:26]} 2. Nf3 {[%clk 01:31:19]} {[%emt 00:00:07]} d6 {[%clk 01:31:00]}
{[%emt 00:00:06]} 3. d4 {[%clk 01:31:42]} {[%emt 00:00:06]} cxd4 {[%clk
01:31:26]} {[%emt 00:00:05]} 4. Nxd4 {[%clk 01:32:05]} {[%emt 00:00:06]} a6
{[%clk 01:31:51]} {[%emt 00:00:05]} 5. c4 {[%clk 01:32:25]} {[%emt 00:00:10]}
Nf6 {[%clk 01:32:17]} {[%emt 00:00:05]} 6. Nc3 {[%clk 01:32:49]} {[%emt
00:00:06]} e6 {[%clk 01:32:43]} {[%emt 00:00:03]} 7. Be2 {[%clk 01:33:10]}
{[%emt 00:00:08]} Be7 {[%clk 01:33:07]} {[%emt 00:00:07]} 8. O-O {[%clk
01:33:32]} {[%emt 00:00:08]} O-O {[%clk 01:33:34]} {[%emt 00:00:04]} 9. Be3
{[%clk 01:33:46]} {[%emt 00:00:15]} Qc7 {[%clk 01:33:25]} {[%emt 00:00:40]} 10.
Rc1 {[%clk 01:29:53]} {[%emt 00:04:23]} b6 {[%clk 01:33:49]} {[%emt 00:00:06]}
11. Qd2 {[%clk 01:30:05]} {[%emt 00:00:17]} Bb7 {[%clk 01:34:13]} {[%emt
00:00:06]} 12. f3 {[%clk 01:30:28]} {[%emt 00:00:06]} Nbd7 {[%clk 01:34:39]}
{[%emt 00:00:06]} 13. b4 {[%clk 01:30:14]} {[%emt 00:00:44]} Rac8 {[%clk
01:35:01]} {[%emt 00:00:08]} 14. Rfd1 {[%clk 01:29:48]} {[%emt 00:00:55]} Qb8
{[%clk 01:35:22]} {[%emt 00:00:10]} 15. Nb3 {[%clk 01:26:52]} {[%emt 00:03:26]}
Ne5 {[%clk 01:19:21]} {[%emt 00:16:32]} 16. Na4 {[%clk 01:09:34]} {[%emt
00:17:47]} Nfd7 {[%clk 01:19:23]} {[%emt 00:00:28]} 17. Nb2 {[%clk 01:03:37]}
{[%emt 00:06:27]} Nf6 {[%clk 01:16:30]} {[%emt 00:03:23]} 18. Na4 {[%clk
00:57:49]} {[%emt 00:06:18]} b5 {[%clk 01:13:54]} {[%emt 00:03:07]} 19. Nb6
{[%clk 00:49:38]} {[%emt 00:08:41]} Rcd8 {[%clk 01:13:41]} {[%emt 00:00:42]} 20.
cxb5 {[%clk 00:43:47]} {[%emt 00:06:22]} axb5 {[%clk 01:14:05]} {[%emt
00:00:06]} 21. Na5 {[%clk 00:37:17]} {[%emt 00:06:59]} Ba8 {[%clk 01:11:52]}
{[%emt 00:02:43]} 22. Nxa8 {[%clk 00:35:13]} {[%emt 00:02:35]} Qxa8 {[%clk
01:12:18]} {[%emt 00:00:05]} 23. Rc7 {[%clk 00:34:06]} {[%emt 00:01:36]} Rd7
{[%clk 01:09:10]} {[%emt 00:03:38]} 24. Rxd7 {[%clk 00:32:35]} {[%emt
00:02:01]} Nexd7 {[%clk 01:09:32]} {[%emt 00:00:09]} 25. Bxb5 {[%clk 00:31:39]}
{[%emt 00:01:26]} Ne5 {[%clk 01:09:30]} {[%emt 00:00:32]} 26. Rc1 {[%clk
00:28:07]} {[%emt 00:04:01]} Qb8 {[%clk 01:03:19]} {[%emt 00:06:43]} 27. Qe2
{[%clk 00:17:10]} {[%emt 00:11:27]} Rc8 {[%clk 01:03:40]} {[%emt 00:00:09]} 28.
Rxc8+ {[%clk 00:12:33]} Qxc8 {[%clk 01:04:04]} {[%emt 00:05:14]} 29. f4 {[%clk
00:11:33]} {[%emt 00:01:29]} Ng6 {[%clk 01:04:22]} {[%emt 00:00:12]} 30. Qd3
{[%clk 00:05:09]} {[%emt 00:06:55]} d5 {[%clk 01:03:13]} {[%emt 00:01:39]} 31.
e5 {[%clk 00:05:12]} {[%emt 00:00:27]} Ng4 {[%clk 01:01:59]} {[%emt 00:01:45]}
32. Nc6 {[%clk 00:04:04]} {[%emt 00:01:37]} Qb7 {[%emt 00:00:56]} 33. a4 {[%clk
00:04:07]} Bf8 {[%clk 01:01:33]} {[%emt 00:00:57]} 34. Bd2 {[%clk 00:02:15]}
{[%emt 00:02:20]} Ne7 {[%clk 00:59:41]} {[%emt 00:02:24]} 35. Nd4 {[%clk
00:02:01]} {[%emt 00:00:44]} Nf5 {[%clk 00:59:40]} {[%emt 00:00:32]} 36. Nxf5
{[%clk 00:01:46]} {[%emt 00:00:44]} exf5 {[%clk 01:00:05]} {[%emt 00:00:06]} 37.
Qd4 {[%clk 00:02:00]} {[%emt 00:00:16]} Be7 {[%clk 00:59:52]} {[%emt 00:00:44]}
38. Be2 {[%clk 00:01:25]} {[%emt 00:01:05]} Qc6 {[%clk 00:59:14]} {[%emt
00:01:08]} 39. h3 {[%clk 00:00:54]} {[%emt 00:01:01]} Nh6 {[%clk 00:58:53]}
{[%emt 00:00:51]} 40. a5 {[%clk 00:00:43]} {[%emt 00:00:41]} f6 {[%clk
00:48:22]} {[%emt 00:11:01]} 41. a6 {[%clk 00:26:10]} {[%emt 00:05:03]} Bd8
{[%clk 01:17:07]} {[%emt 00:01:44]} 42. b5 {[%clk 00:24:59]} {[%emt 00:01:42]}
1-0